| 000 | 00446 a2200157 4500 | ||
|---|---|---|---|
| 999 |
_c8011 _d8011 |
||
| 020 | _a9781600595684 | ||
| 050 | 0 | 0 | _aTR 267 WIG |
| 100 | 1 | _aWignall, Jeff. | |
| 245 | 1 | 4 |
_aThe new joy of digital photography / _cJeff Wignal. |
| 250 | _a1st ed. | ||
| 264 |
_aNew York _bBook Aid International _c2011 |
||
| 300 |
_a288 p. : _bcol ill; 29cm |
||
| 500 | _aIncludes index. | ||
| 650 | 0 |
_aPhotography _xDigital techniques. |
|
| 942 |
_2lcc _cBK _h267 _iWIG _kTR |
||